| 000 | 03433cam a22005535i 4500 | ||
|---|---|---|---|
| 001 | 22023517 | ||
| 003 | NUST | ||
| 005 | 20230412165045.0 | ||
| 006 | m |o d | | ||
| 007 | cr ||||||||||| | ||
| 008 | 171129s2018 si |||| o |||| 0|eng | ||
| 010 | _a 2019771202 | ||
| 020 | _a9789811066382 | ||
| 024 | 7 |
_a10.1007/978-981-10-6638-2 _2doi |
|
| 035 | _a(DE-He213)978-981-10-6638-2 | ||
| 040 |
_aDLC _beng _epn _erda _cDLC |
||
| 072 | 7 |
_aJBSD _2thema |
|
| 072 | 7 |
_aJHB _2bicssc |
|
| 072 | 7 |
_aJHB _2thema |
|
| 072 | 7 |
_aSOC026030 _2bisacsh |
|
| 082 | 0 | 4 |
_a307.76 _223 _bCHE |
| 245 | 0 | 0 |
_aDesigning Cooler Cities : _bEnergy, Cooling and Urban Form: The Asian Perspective / _cedited by Ali Cheshmehzangi, Chris Butters. |
| 250 | _a1st ed. 2018. | ||
| 264 | 1 |
_aSingapore : _bSpringer Singapore : _bImprint: Palgrave Macmillan, _c2018. |
|
| 300 | _a1 online resource (XXVII, 204 pages 39 illustrations, 30 illustrations in color.) | ||
| 336 |
_atext _btxt _2rdacontent |
||
| 337 |
_acomputer _bc _2rdamedia |
||
| 338 |
_aonline resource _bcr _2rdacarrier |
||
| 347 |
_atext file _bPDF _2rda |
||
| 490 | 1 |
_aPalgrave Series in Asia and Pacific Studies, _x2662-7922 |
|
| 520 | _aThis edited book surveys the major sustainability challenges facing Asian cities, in particular those related to urban energy and city cooling. The book discusses the key concepts and issues involved, addressing the three levels of micro (individual buildings), meso (neighbourhoods/districts) and macro (whole or large parts of cities). It illustrates different paradigms of urban development and explores how to create cooler cities by applying integrated sustainable design and planning on all three levels, bridging the gap between specialist approaches by highlighting both built projects, processes, and research. It also raises questions about prevalent paradigms of urban development as well as topics relating to urban district cooling solutions, sustainable construction materials, and processes towards effective delivery of sustainable cities. Providing cutting edge insights into hot climate cities in Asia, this text is also pertinent for the study of cities in other world regions, notably in developing countries, and of broad relevance to sustainable urban planning in all contexts. | ||
| 588 | _aDescription based on publisher-supplied MARC data. | ||
| 650 | 0 | _aCity planning. | |
| 650 | 0 |
_aEconomic development _xEnvironmental aspects. _919946 |
|
| 650 | 0 |
_aSociology, Urban. _924619 |
|
| 650 | 0 |
_aUrban planning. _9111809 |
|
| 650 | 1 | 4 |
_aUrban Studies/Sociology. _0https://scigraph.springernature.com/ontologies/product-market-codes/X22250 _9111818 |
| 650 | 2 | 4 |
_aDevelopment and Sustainability. _0https://scigraph.springernature.com/ontologies/product-market-codes/913110 _9111819 |
| 650 | 2 | 4 |
_aUrbanism. _0https://scigraph.springernature.com/ontologies/product-market-codes/K18006 _9111820 |
| 700 | 1 |
_aButters, Chris, _eeditor. _9111821 |
|
| 700 | 1 |
_aCheshmehzangi, Ali, _eeditor. _9111822 |
|
| 776 | 0 | 8 |
_iPrint version: _tDesigning cooler cities : energy, cooling and urban form: the Asian perspective _w(DLC) 2017955269 |
| 776 | 0 | 8 |
_iPrinted edition: _z9789811066375 |
| 776 | 0 | 8 |
_iPrinted edition: _z9789811066399 |
| 776 | 0 | 8 |
_iPrinted edition: _z9789811349201 |
| 830 | 0 |
_aPalgrave Series in Asia and Pacific Studies, _x2662-7922 _9111823 |
|
| 906 |
_a0 _bibc _corigres _du _encip _f20 _gy-gencatlg |
||
| 942 |
_2ddc _cBK |
||
| 999 |
_c594471 _d594471 |
||